Statistiques concernant Villes du monde de plus d'1 000 000 d'habitants - Carte

Cliquez ici pour prendre le quiz!

Statistiques générales

  • Ce quiz a été pris 1 681 fois
    (1 636 depuis la dernière actualisation)
  • Le résultat moyen est 189 sur 596

Réponses sur la Carte

Les réponses sont colorées sur une échelle allant du rouge au vert en fonction du pourcentage des utilisateurs qui les ont devinées à leur premier essai. Vous pouvez retrouver ces pourcentages ci-dessous.
 

Statistiques - réponses

PaysVillePopulation% Correct
FranceParis11,400,000
96%
United KingdomLondres14,800,000
94%
FranceMarseille1,660,000
93%
RussiaMoscou17,300,000
93%
United StatesNew York22,100,000
93%
FranceLyon1,980,000
92%
SpainMadrid6,550,000
92%
JapanTokyo40,400,000
92%
SpainBarcelone4,775,000
91%
United StatesLos Angeles17,700,000
91%
MexicoMexico23,000,000
91%
ItalyRome3,575,000
91%
GermanyBerlin4,725,000
90%
FranceBordeaux1,080,000
90%
EgyptLe Caire21,000,000
90%
AlgeriaAlger3,975,000
88%
PortugalLisbonne2,475,000
88%
ItalyMilan6,200,000
88%
ChinaPékin19,800,000
88%
FranceToulouse1,040,000
88%
BelgiumBruxelles2,700,000
87%
IrelandDublin1,390,000
87%
TurkeyIstanbul16,000,000
87%
IndiaNew Delhi30,300,000
87%
AustraliaSydney5,300,000
87%
UkraineKiev3,475,000
86%
BrazilRio de Janeiro13,200,000
86%
TunisiaTunis2,675,000
86%
ArgentinaBuenos Aires16,400,000
85%
United StatesMiami6,400,000
85%
ItalyNaples4,225,000
85%
RussiaSaint Petersbourg5,650,000
85%
NetherlandsAmsterdam2,475,000
84%
United KingdomManchester3,050,000
84%
NorwayOslo1,190,000
84%
PortugalPorto1,540,000
84%
TurkeyAnkara5,050,000
83%
GreeceAthenes3,350,000
83%
United StatesChicago9,750,000
83%
GermanyMunich2,250,000
83%
SwedenStockholm2,225,000
83%
PeruLima10,100,000
82%
South KoreaSeoul24,800,000
82%
PolandVarsovie2,375,000
82%
AustriaVienne2,250,000
82%
United StatesWashington8,550,000
82%
BrazilBrasília4,000,000
81%
HungaryBudapest2,625,000
81%
FinlandHelsinki1,300,000
81%
IndiaMumbai25,100,000
81%
BrazilSão Paulo22,400,000
81%
ChinaShanghai33,600,000
81%
ItalyTurin1,640,000
81%
RomaniaBucarest2,200,000
80%
BangladeshDacca20,200,000
80%
CanadaMontreal4,225,000
80%
Czech RepublicPrague1,440,000
80%
MoroccoRabat2,050,000
80%
United StatesSan Francisco7,850,000
80%
IndonesiaJakarta31,300,000
79%
South AfricaLe Cap4,225,000
79%
United KingdomLiverpool1,880,000
79%
DenmarkCopenhague1,680,000
78%
UAEDubai5,350,000
78%
FranceLille1,290,000
78%
PhilippinesManille25,700,000
78%
SpainSeville1,290,000
78%
CanadaToronto7,450,000
78%
ColombiaBogota9,600,000
77%
BelarusMinsk2,000,000
77%
ChileSantiago7,250,000
77%
SpainValence2,000,000
77%
ThailandBangkok18,800,000
76%
MoroccoCasablanca4,475,000
76%
South AfricaJohannesbourg13,900,000
76%
NetherlandsRotterdam3,250,000
76%
BulgariaSofia1,300,000
76%
IranTéhéran15,300,000
76%
GermanyHambourg2,875,000
75%
CubaLa Havane2,225,000
75%
CanadaOttawa1,250,000
75%
Saudi ArabiaRiyad8,050,000
75%
SwitzerlandZurich1,430,000
75%
EgyptAlexandrie5,800,000
74%
United StatesBoston7,750,000
74%
DRCKinshasa12,400,000
74%
NigeriaLagos19,400,000
73%
IraqBagdad7,000,000
72%
United StatesDallas7,200,000
72%
SingaporeSingapour7,900,000
72%
CanadaVancouver2,875,000
72%
SerbiaBelgrade1,420,000
71%
GermanyCologne / Dusseldorf5,000,000
71%
SenegalDakar3,725,000
71%
AustraliaMelbourne4,975,000
71%
United StatesMelbourne1,200,000
71%
United StatesSeattle4,425,000
71%
ChinaCanton46,700,000
70%
United KingdomGlasgow1,680,000
70%
JapanOsaka17,700,000
70%
LibyaTripoli1,250,000
70%
ItalyFlorence1,010,000
69%
GermanyFrancfort3,250,000
69%
ChinaHong Kong7,500,000
69%
United StatesHouston6,750,000
69%
MoroccoMarrakech1,120,000
69%
KenyaNairobi5,900,000
69%
United StatesPhiladelphie7,350,000
69%
VenezuelaCaracas3,750,000
68%
SyriaDamas3,825,000
68%
QatarDoha2,425,000
68%
United StatesLas Vegas2,275,000
68%
LebanonBeyrouth1,750,000
67%
United StatesDetroit5,750,000
67%
YemenSana'a2,800,000
67%
UAEAbou Dabi1,500,000
66%
MaliBamako3,525,000
66%
VietnamHanoi3,800,000
66%
KuwaitKoweit4,750,000
66%
MalaysiaKuala Lumpur8,900,000
66%
IsraelTel Aviv2,700,000
66%
United StatesAtlanta5,850,000
65%
United KingdomBirmingham3,150,000
65%
BoliviaLa Paz2,125,000
65%
PanamaPanama1,540,000
65%
EcuadorQuito2,725,000
64%
EthiopiaAddis Abeba3,800,000
63%
AfghanistanKaboul4,325,000
63%
SudanKhartoum6,300,000
63%
TaiwanTaipei9,150,000
63%
Ivory CoastAbidjan5,600,000
62%
CongoBrazzaville2,250,000
62%
UruguayMontevideo1,860,000
62%
JordanAmman5,600,000
61%
MadagascarAntananarivo1,340,000
61%
IndiaCalcutta16,800,000
61%
BelgiumAnvers1,220,000
60%
United StatesDenver3,750,000
60%
SpainMálaga1,030,000
60%
HaitiPort-au-Prince3,225,000
60%
North KoreaPyongyang2,950,000
60%
GermanyRuhr5,700,000
59%
United StatesSan Diego3,350,000
59%
AzerbaijanBakou2,575,000
58%
VietnamHo Chi Minh Ville8,600,000
58%
PakistanKarachi17,800,000
58%
AngolaLuanda8,150,000
58%
MongoliaOulan Bator1,400,000
58%
AustraliaPerth2,075,000
58%
Costa RicaSan José2,375,000
58%
ChinaWuhan9,050,000
58%
CameroonYaoundé3,450,000
58%
GhanaAccra5,100,000
57%
ArmeniaErevan1,500,000
56%
GuatemalaGuatemala3,150,000
56%
AlgeriaOran1,480,000
56%
United StatesPhoenix4,700,000
56%
New ZealandAuckland1,410,000
55%
Saudi ArabiaLa Mecque2,125,000
54%
United KingdomLeeds2,175,000
54%
KazakhstanNoursoultan1,120,000
54%
UkraineOdessa1,110,000
54%
Burkina FasoOuagadougou2,625,000
54%
Dominican RepublicSaint Domingue4,000,000
54%
GeorgiaTbillissi1,350,000
54%
ColombiaMedellín4,025,000
53%
United StatesOrlando3,450,000
53%
GermanyStuttgart2,400,000
53%
TanzaniaDar es Salaam6,450,000
52%
SomaliaMogadiscio1,940,000
52%
NigeriaAbuja3,525,000
51%
ParaguayAsunción2,350,000
51%
Sri LankaColombo4,750,000
51%
Sierra LeoneFreetown1,790,000
50%
UkraineKharkiv1,640,000
50%
UkraineDonetsk1,440,000
49%
United KingdomNewcastle1,480,000
49%
NigerNiamey1,300,000
49%
United StatesPortland2,425,000
49%
United StatesAustin1,960,000
48%
GuineaConakry2,525,000
48%
MoroccoTanger1,110,000
48%
NepalKatmandou3,125,000
47%
TogoLomé2,100,000
47%
OmanMascate1,430,000
47%
MexicoGuadalajara5,350,000
46%
JapanHiroshima1,880,000
46%
MauritaniaNouakchott1,270,000
46%
United StatesSan Antonio2,225,000
46%
El SalvadorSan Salvador1,900,000
46%
GermanyBrême1,000,000
45%
MoroccoFes1,270,000
44%
TurkeyIzmir3,025,000
44%
PakistanLahore13,000,000
44%
United StatesLa Nouvelle-Orléans1,010,000
44%
GermanyNuremberg1,200,000
44%
CambodiaPhnom Penh2,075,000
44%
IndiaBangalore12,200,000
43%
AustraliaBrisbane3,150,000
43%
United StatesIndianapolis2,000,000
43%
UgandaKampala3,525,000
43%
United StatesMinneapolis3,175,000
43%
MexicoMonterrey5,000,000
43%
JapanNagoya10,500,000
43%
HondurasTegucigalpa1,150,000
43%
BrazilBelo Horizonte5,000,000
42%
ZimbabweHarare2,050,000
42%
RwandaKigali1,180,000
42%
ChadN'Djamena1,410,000
42%
United StatesSalt Lake City2,450,000
42%
UzbekistanTachkent3,225,000
42%
KyrgyzstanBichkek1,090,000
41%
United StatesCharlotte2,475,000
41%
United StatesJacksonville1,450,000
41%
NicaraguaManagua1,320,000
41%
CARBangui1,190,000
40%
GermanyHanovre1,150,000
40%
ZambiaLusaka2,675,000
40%
BahrainManama1,530,000
40%
United StatesSacramento2,075,000
40%
AustraliaAdelaide1,340,000
39%
CanadaCalgary1,500,000
39%
IndiaChennai11,300,000
39%
PalestineGaza1,960,000
39%
BrazilManaus2,200,000
39%
MozambiqueMaputo2,275,000
39%
United StatesMemphis1,160,000
39%
United StatesSaint Louis2,350,000
39%
United StatesOklahoma City1,140,000
38%
BrazilSalvador3,600,000
38%
MexicoTijuana1,970,000
38%
ChinaXi'an6,950,000
38%
South KoreaBusan4,125,000
37%
Saudi ArabiaDjeddah4,950,000
37%
LiberiaMonrovia1,590,000
37%
BrazilRecife3,850,000
37%
RussiaRostov-sur-le-Don1,300,000
37%
United KingdomSouthampton1,160,000
37%
TurkmenistanAchgabat1,390,000
36%
SyriaAlep1,910,000
36%
ColombiaCali2,875,000
36%
RussiaVolgograd1,410,000
36%
TurkeyAntalya1,300,000
35%
TajikistanDouchanbé1,010,000
35%
CanadaEdmonton1,370,000
35%
United StatesEl Paso1,030,000
35%
United StatesTampa4,375,000
35%
MoroccoAgadir1,190,000
34%
GambiaBanjul1,000,000
34%
United StatesCleveland3,075,000
34%
United StatesKansas City1,990,000
34%
United StatesMilwaukee1,550,000
34%
South AfricaDurban3,425,000
33%
IndiaHyderabad10,200,000
33%
PakistanHyderabad2,275,000
33%
MalawiLilongwe1,060,000
33%
United KingdomNottingham1,380,000
33%
United KingdomSheffield1,570,000
33%
RussiaKazan1,260,000
32%
United StatesNashville2,075,000
32%
RussiaNijni Novgorod1,730,000
32%
JapanSapporo2,500,000
32%
ChinaChengdu9,600,000
31%
CameroonDouala3,375,000
31%
BrazilBelém2,225,000
30%
UkraineDnipropetrovsk1,390,000
30%
United StatesHonolulu1,000,000
30%
GermanyMannheim1,580,000
30%
ChinaTianjin12,700,000
30%
United StatesSan Juan1,920,000
29%
IndiaAhmedabad8,500,000
28%
BrazilFortaleza3,675,000
28%
NigeriaKano4,700,000
28%
ChinaUrumqi4,050,000
28%
ChinaChongqing8,150,000
27%
United StatesLouisville1,060,000
27%
BrazilPorto Alegre4,125,000
27%
RussiaIekaterinbourg1,660,000
26%
MyanmarRangoun5,600,000
26%
ArgentinaRosario1,370,000
26%
ChinaXiamen10,000,000
26%
United StatesCincinnati2,775,000
25%
IndiaJaipur3,950,000
25%
ChinaNanjing6,600,000
25%
EcuadorGuayaquil3,150,000
24%
PolandKatowice2,350,000
24%
IndonesiaSurabaya6,100,000
24%
KazakhstanAlmaty2,100,000
23%
United StatesBuffalo1,350,000
23%
BangladeshChittagong4,925,000
23%
ArgentinaCórdoba1,670,000
23%
BeninCotonou1,830,000
23%
IraqMossoul1,400,000
23%
RussiaNovossibirsk1,690,000
23%
United StatesPittsburgh2,050,000
23%
IndonesiaBandung6,950,000
22%
United StatesColumbus1,760,000
22%
IranIspahan3,200,000
22%
South AfricaPort Elizabeth1,350,000
22%
IndiaPune6,900,000
21%
KenyaMombasa1,220,000
20%
United StatesRaleigh1,660,000
20%
TunisiaSousse1,140,000
20%
United StatesTucson1,000,000
20%
ColombiaBarranquilla2,100,000
19%
JapanFukuoka2,750,000
19%
ChinaHangzhou8,450,000
19%
ChinaHarbin5,100,000
19%
RussiaOmsk1,120,000
19%
RussiaSamara1,300,000
19%
BrazilCuritiba3,425,000
18%
TurkeyGaziantep1,670,000
18%
NigeriaIbadan3,575,000
18%
RussiaPerm1,110,000
18%
BoliviaSanta Cruz2,150,000
18%
RussiaVoronej1,060,000
18%
ColombiaCarthagène1,130,000
17%
United StatesRichmond1,070,000
17%
ChinaShenyang8,000,000
17%
NigeriaBenin City1,650,000
16%
VenezuelaMaracaibo2,625,000
16%
MexicoMérida1,150,000
16%
RussiaOufa1,130,000
16%
CongoPointe-Noire1,180,000
16%
ChinaQingdao6,100,000
16%
PeruArequipa1,080,000
15%
IraqBassora1,520,000
15%
PhilippinesCebu2,725,000
15%
MexicoCiudad Juárez1,500,000
15%
ChinaDalian4,550,000
15%
DRCLubumbashi2,200,000
15%
Saudi ArabiaMedina1,540,000
15%
NigeriaPort Harcourt2,350,000
15%
RussiaTcheliabinsk1,410,000
15%
United StatesVirginia Beach1,610,000
15%
TurkeyAdana1,740,000
14%
IndiaAgra2,300,000
14%
TurkeyBursa2,075,000
14%
IndiaLucknow3,725,000
14%
IndonesiaMedan4,000,000
14%
ArgentinaMendoza1,090,000
14%
MexicoPuebla3,175,000
14%
IndiaSurate6,600,000
14%
ChileValparaíso1,020,000
14%
ChinaFuzhou4,025,000
13%
United StatesHartford1,690,000
13%
TurkeyKonya1,300,000
13%
MyanmarMandalay1,560,000
13%
MexicoMexicali1,060,000
13%
BrazilNatal1,410,000
13%
JapanSendai1,500,000
13%
South KoreaDaegu2,750,000
12%
PhilippinesDavao1,570,000
12%
IndonesiaDenpasar1,550,000
12%
IraqErbil‎1,090,000
12%
PakistanFaisalabad3,650,000
12%
ChinaKunming4,250,000
12%
MexicoLeón1,940,000
12%
ChinaChangsha4,925,000
11%
MalaysiaGeorge Town2,125,000
11%
RussiaKrasnoïarsk1,130,000
11%
GhanaKumasi3,025,000
11%
IndiaNagpur3,275,000
11%
BrazilSão Luís1,440,000
11%
RussiaSaratov1,090,000
11%
ChinaHefei4,950,000
10%
BrazilSantos1,740,000
10%
ChinaSuzhou1,130,000
10%
IranTabriz1,820,000
10%
ChinaWenzhou5,350,000
10%
ChinaZhengzhou4,950,000
10%
Saudi ArabiaDammam2,500,000
9%
VietnamDa Nang1,010,000
9%
BrazilFlorianópolis1,000,000
9%
United StatesGreensboro1,130,000
9%
United StatesHarrisburg1,330,000
9%
ChinaJinan4,475,000
9%
IndonesiaMakassar1,890,000
9%
PakistanPeshawar2,350,000
9%
IranQom1,290,000
9%
ChinaShantou7,650,000
9%
VenezuelaValencia1,840,000
9%
NigeriaAba1,150,000
8%
IndiaBhopal2,425,000
8%
BrazilCampinas3,200,000
8%
BoliviaCochabamba1,410,000
8%
IndiaCoimbatore2,700,000
8%
BrazilGoiânia2,425,000
8%
IndiaIndore3,175,000
8%
IndiaKanpur3,475,000
8%
TurkeyKayseri1,090,000
8%
United StatesMcAllen1,300,000
8%
TurkeyMersin1,000,000
8%
ChinaNanning3,475,000
8%
IndiaPatna2,675,000
8%
MexicoSan Luis Potosí1,230,000
8%
HondurasSan Pedro Sula1,210,000
8%
United StatesStockton1,260,000
8%
SenegalTouba1,080,000
8%
ChinaHaikou1,860,000
7%
TaiwanKaohsiung2,775,000
7%
DRCKisangani1,160,000
7%
IndiaMadurai1,780,000
7%
DRCMbuji-Mayi2,075,000
7%
PakistanMultan2,100,000
7%
JapanNaha1,210,000
7%
ChinaNingbo3,275,000
7%
PakistanRawalpindi3,450,000
7%
IndonesiaSemarang2,250,000
7%
TaiwanTainan1,310,000
7%
IndonesiaYogyakarta1,940,000
7%
PhilippinesAngeles1,490,000
6%
VenezuelaBarquisimeto1,300,000
6%
AngolaBenguela1,250,000
6%
United StatesCape Coral1,090,000
6%
ChinaChangchun3,700,000
6%
IndiaJodhpur1,480,000
6%
ChinaLanzhou2,900,000
6%
PakistanQuetta1,140,000
6%
IndiaSalem1,110,000
6%
IranShiraz1,020,000
6%
MexicoToluca2,325,000
6%
ChinaZibo3,525,000
6%
IndiaAmritsar1,400,000
5%
South KoreaDaejeon1,540,000
5%
South KoreaGwangju1,600,000
5%
NigeriaKaduna1,880,000
5%
DRCKananga1,230,000
5%
VenezuelaMaracay1,420,000
5%
IndonesiaPalembang1,720,000
5%
IndiaRajkot1,890,000
5%
ChinaShijiazhuang4,625,000
5%
IndiaVaranasi1,940,000
5%
BrazilVitória1,850,000
5%
MexicoAguascalientes1,170,000
4%
ChinaAnshan2,625,000
4%
ColombiaBucaramanga1,260,000
4%
TurkeyDiyarbakır1,040,000
4%
ChinaGuiyang3,300,000
4%
ChinaJilin1,540,000
4%
BrazilJoão Pessoa1,130,000
4%
NigeriaJos1,020,000
4%
JapanKitakyushu2,000,000
4%
IndiaKochi1,590,000
4%
NigeriaMaiduguri1,210,000
4%
IndonesiaMalang1,750,000
4%
IndiaMysore1,230,000
4%
ChinaNanchang3,875,000
4%
ArgentinaSan Miguel de
Tucumán
1,020,000
4%
JapanShizuoka1,770,000
4%
IndiaSrinagar1,600,000
4%
IndonesiaSurakarta1,630,000
4%
TaiwanTaichung2,425,000
4%
ChinaTaiyuan4,125,000
4%
MexicoTorreón1,370,000
4%
South KoreaUlsan1,110,000
4%
NigeriaWarri1,000,000
4%
IranAhvaz1,380,000
3%
IndiaAllahabad1,460,000
3%
IndonesiaBatam1,390,000
3%
IndiaChandigarh2,350,000
3%
ChinaChangde1,160,000
3%
KazakhstanChimkent1,090,000
3%
MexicoCuernavaca1,050,000
3%
ChinaDatong1,650,000
3%
NigeriaEnugu1,000,000
3%
ChinaGuilin1,560,000
3%
PakistanGujranwala2,775,000
3%
JapanHamamatsu1,310,000
3%
ChinaHohhot1,870,000
3%
NigeriaIlorin1,070,000
3%
BangladeshKhulna1,100,000
3%
JapanKumamoto1,150,000
3%
IndiaLudhiana1,980,000
3%
ChinaLuoyang2,550,000
3%
BrazilMaceió1,110,000
3%
ChinaMaoming1,420,000
3%
MexicoMorelia1,000,000
3%
JapanOkayama2,200,000
3%
NigeriaOnitsha1,200,000
3%
ChinaQiqihar1,050,000
3%
MexicoQuerétaro1,440,000
3%
IndiaRanchi1,430,000
3%
ChinaTaizhou2,300,000
3%
ChinaTangshan2,875,000
3%
BrazilTeresina1,040,000
3%
IndiaVadodara2,225,000
3%
ChinaXuzhou2,850,000
3%
ChinaYantai2,200,000
3%
NigeriaZaria1,000,000
3%
IndiaĀsansol1,610,000
2%
IndiaAurangabad1,800,000
2%
IndonesiaBandar Lampung1,200,000
2%
ChinaBaoding2,075,000
2%
ChinaBaotou2,225,000
2%
IndiaBhilai2,900,000
2%
IndiaBhubaneswar1,900,000
2%
ThailandChonburi1,350,000
2%
IndonesiaCirebon1,120,000
2%
IndiaDhanbad1,380,000
2%
ChinaGanzhou1,500,000
2%
IndiaGuwahati1,140,000
2%
IndiaGwalior1,400,000
2%
ChinaHuizhou2,800,000
2%
IndiaJabalpur1,490,000
2%
IndiaJamshedpur1,660,000
2%
IndiaKotā1,370,000
2%
ChinaLinyi2,050,000
2%
ChinaLiuzhou2,000,000
2%
ChinaLuzhou1,180,000
2%
IranMachhed3,200,000
2%
ChinaNantong1,990,000
2%
IndiaNashik1,480,000
2%
IndiaSolapur1,140,000
2%
ChinaTai'an1,450,000
2%
IndiaTiruchirappalli1,210,000
2%
IndiaVijayawada2,000,000
2%
ChinaZhanjiang1,310,000
2%
IndiaAlīgarh1,240,000
1%
ChinaAnyang1,700,000
1%
IndiaBareilly1,310,000
1%
ChinaBengbu1,540,000
1%
ChinaBenxi1,100,000
1%
IndiaCalicut1,020,000
1%
ChinaChangshu1,050,000
1%
South KoreaChangwon1,040,000
1%
ChinaCixi2,000,000
1%
ChinaDaqing1,620,000
1%
ChinaHandan1,670,000
1%
ChinaHengyang1,690,000
1%
ChinaHuai'an1,980,000
1%
ChinaHuainan1,930,000
1%
IndiaHubli1,140,000
1%
ChinaJingzhou1,210,000
1%
ChinaJining1,230,000
1%
ChinaJinzhou1,100,000
1%
IndiaJullundur1,120,000
1%
ChinaKaifeng1,120,000
1%
IndonesiaKarawang1,200,000
1%
IranKermānshāh1,020,000
1%
IraqKirkuk1,030,000
1%
IndiaMeerut1,740,000
1%
ChinaMianyang1,230,000
1%
IndiaMorādābād1,260,000
1%
ChinaNanchong1,220,000
1%
ChinaNanyang1,260,000
1%
IndonesiaPekanbaru1,220,000
1%
ChinaPingxiang1,040,000
1%
ChinaPutian1,380,000
1%
IndonesiaSerang1,150,000
1%
IndiaSiliguri1,050,000
1%
IndiaTiruppur1,400,000
1%
ChinaUlanhad1,130,000
1%
IndiaVishakhapatnam2,200,000
1%
ChinaWanzhou1,140,000
1%
ChinaWeifang1,990,000
1%
ChinaWeihai1,200,000
1%
ChinaWuhu1,480,000
1%
ChinaXiangyang1,880,000
1%
ChinaXining1,460,000
1%
ChinaXinxiang2,125,000
1%
ChinaYancheng1,420,000
1%
ChinaYangzhou1,950,000
1%
ChinaYichang1,380,000
1%
ChinaYinchuan1,470,000
1%
ChinaYingkou1,010,000
1%
ChinaZhangjiakou1,480,000
1%
ChinaZhuzhou1,330,000
1%
ChinaBaoji1,200,000
0%
ChinaCangnan1,110,000
0%
ChinaChangzhi1,040,000
0%
ChinaFuyang1,210,000
0%
ChinaHechuan1,000,000
0%
ChinaHuaibei1,520,000
0%
ChinaJiangyin2,475,000
0%
ChinaJiaozuo1,470,000
0%
ChinaJiaxing1,000,000
0%
ChinaLianyungang1,150,000
0%
ChinaMa'anshan1,180,000
0%
ChinaPanjin1,030,000
0%
ChinaPingdingshan1,020,000
0%
ChinaQingyuan1,070,000
0%
ChinaQinhuangdao1,330,000
0%
ChinaRizhao1,230,000
0%
ChinaSuqian1,050,000
0%
ChinaTengzhou1,060,000
0%
ChinaXiangtan1,400,000
0%
ChinaXingtai1,520,000
0%
ChinaYibin1,030,000
0%
ChinaYiwu1,660,000
0%
ChinaYueyang1,150,000
0%
ChinaZaozhuang1,060,000
0%
ChinaZhenjiang1,150,000
0%
ChinaZhuhai1,750,000
0%
ChinaZigong1,030,000
0%
ChinaZunyi1,250,000
0%

Distribution des résultats

Percentile par nombre de réponses

% des personnes avec chaque résultat

Votre développement - résultats

Vous n’avez pas pris ce quiz depuis la dernière actualisation